Dupne ekonomika na brzdu?

Bibliographic Details
Main Author: Žitňanský, Robert, 1976-2018 (Author)
Format: Article
Language:Slovak
PhysicalDescription:Fotogr.
ISSN:1336-5932
Subjects:

MARC

LEADER 00000nab a2200000 a 4500
001 vtls009462446
003 SK-MaSNL
005 20260426071835.0
008 140515c2008 xo wr|p|||||||000 b|slo
015 |a SNBRB2009/01  |2 snkbucl 
040 |a SNKBUCL  |b slo  |c SNKBUCL  |e AACR2 
041 0 |a slo 
044 |a xo  |c SK 
080 |a 338.1  |x (437.6)  |2 2001 
080 |a 338.27  |x (437.6)  |2 2001 
080 |a 330.35  |x (437.6)  |2 2001 
100 1 |a Žitňanský, Robert,  |d 1976-2018  |4 aut  |9 102770 
245 1 0 |a Dupne ekonomika na brzdu?  |c Robert Žitňanský 
300 |b Fotogr. 
650 0 7 |a ekonomika  |2 snkbucl  |9 789 
650 0 7 |a prognózy  |2 snkbucl  |9 3871 
650 0 7 |a ekonomický rast  |2 SNKPH  |9 2146 
651 7 |a Slovensko  |2 snkbucl  |9 14231 
773 0 |t Týždeň  |g Roč. V, č. 50 (2008), s. 34-35  |x 1336-5932 
852 |a SNK  |b KIS3GCP 
958 |a SK 
999 |c 2682613  |d 2684543